| Tag |
First Indicator |
Second Indicator |
Subfields |
| LEADER |
00000cas a2200000 4500 |
| 001 |
in00000061284 |
| 008 |
760712d19721976fr tr p 0 b0fre |
| 005 |
20260610175608.7 |
| 010 |
|
|
|a 72626316
|z sn 88013501
|
| 012 |
|
|
|i 8807
|j T
|
| 016 |
7 |
|
|a 000020902704
|2 AU
|
| 016 |
7 |
|
|a 011200294
|2 DE-101
|
| 016 |
7 |
|
|a 011304219
|2 DE-101
|
| 016 |
7 |
|
|a 011316039
|2 DE-101
|
| 016 |
7 |
|
|a 011200286
|2 DE-101
|
| 016 |
7 |
|
|a 012759136
|2 Uk
|
| 019 |
|
|
|a 1775409
|a 224916992
|a 1057958817
|a 1060558356
|a 1063406769
|
| 022 |
|
|
|a 0397-9350
|y 0035-3035
|2 z
|
| 023 |
0 |
|
|a 0397-9350
|2 z
|
| 029 |
1 |
|
|a AU@
|b 000008746296
|
| 029 |
1 |
|
|a AU@
|b 000020243745
|
| 029 |
1 |
|
|a AU@
|b 000020902704
|
| 029 |
1 |
|
|a AU@
|b 000040709609
|
| 029 |
1 |
|
|a NZ1
|b 3345781
|
| 029 |
1 |
|
|a UKMGB
|b 012759136
|
| 029 |
1 |
|
|a ZWZ
|b 037970704
|
| 035 |
|
|
|z (OCoLC)1775409
|z (OCoLC)224916992
|z (OCoLC)1057958817
|z (OCoLC)1060558356
|z (OCoLC)1063406769
|
| 035 |
|
|
|a (OCoLC)2450210
|
| 040 |
|
|
|a DLC
|b eng
|c QPR
|d COO
|d HUL
|d OCL
|d MUL
|d NSD
|d AIP
|d NST
|d NSD
|d NST
|d OCL
|d DLC
|d OCLCQ
|d NLGGC
|d OCLCQ
|d AU@
|d GBVCP
|d UKMGB
|d OCLCF
|d ZCU
|d OCLCO
|d OCLCQ
|d OCLCO
|d PUL
|d OCLCL
|d OCLCQ
|
| 041 |
0 |
|
|a eng
|a fre
|
| 041 |
|
7 |
|a eng
|a fra
|2 iso639-3
|
| 042 |
|
|
|a pcc
|a premarc
|
| 050 |
0 |
0 |
|a T57.6
|b .R46
|
| 222 |
|
0 |
|a Revue française d'automatique, informatique, recherche opérationnelle. Recherche opérationnelle
|
| 245 |
0 |
0 |
|a Revue française d'automatique, informatique, recherche opérationnelle:
|p Recherche opérationnelle.
|
| 246 |
3 |
0 |
|a Recherche opérationnelle
|
| 264 |
|
1 |
|a Paris :
|b Dunod
|
| 300 |
|
|
|a 5 volumes :
|b illustrations ;
|c 24 cm
|
| 310 |
|
|
|a Three no. a year
|
| 336 |
|
|
|a text
|b txt
|2 rdacontent
|
| 337 |
|
|
|a unmediated
|b n
|2 rdamedia
|
| 338 |
|
|
|a volume
|b nc
|2 rdacarrier
|
| 362 |
0 |
|
|a 6. année, no V1 (mars 1972)-vol. 10, no 10 (oct. 1976).
|
| 546 |
|
|
|a English or French.
|
| 550 |
|
|
|a Issued by the Association française pour la cybernétique économique et technique.
|
| 580 |
|
|
|a Supersedes in part Revue française d'informatique et de recherche opérationnelle, and continues its numbering.
|
| 650 |
|
0 |
|a Operations research
|v Periodicals.
|
| 650 |
|
7 |
|a Operations research
|2 fast
|
| 650 |
1 |
7 |
|a Operations research.
|2 gtt
|
| 655 |
|
7 |
|a Periodicals
|2 fast
|
| 655 |
|
7 |
|a Periodicals.
|2 lcgft
|
| 710 |
2 |
|
|a Association française pour la cybernétique économique et technique.
|1 https://id.oclc.org/worldcat/entity/E39QH7JmqJtcDK3j3B3JypxDY6
|
| 776 |
0 |
8 |
|i Online version:
|t Revue française d'automatique, informatique, recherche opérationnelle: Recherche opérationnelle
|w (OCoLC)633502611
|
| 780 |
1 |
3 |
|t Revue française d'informatique et de recherche opérationnelle
|w (OCoLC)1764169
|
| 785 |
0 |
0 |
|t RAIRO: Recherche opérationelle
|x 0399-0559
|w (DLC) 77642091
|w (OCoLC)3260689
|
| 850 |
|
|
|a DLC
|a InLP
|a NN
|a NcU
|a NjR
|
| 936 |
|
|
|a oct. 1976
|
| 948 |
|
|
|h HELD BY TXA - 122 OTHER HOLDINGS
|
| 994 |
|
|
|a Z0
|b TXA
|
| 999 |
f |
f |
|s 5af3089e-b798-352b-9614-933fe72e5738
|i aa16f83b-ad82-3189-8a27-482aca34b6ab
|t 0
|
| 952 |
f |
f |
|a Texas A&M University
|b Rellis Campus
|c Joint Library Facility
|d Remote Storage
|e T57.6 .R46
|h Library of Congress classification
|i unmediated -- volume
|k annee 9
|l 1975
|m A14851328014
|p ric
|s JLF
|t 0
|
| 952 |
f |
f |
|a Texas A&M University
|b Rellis Campus
|c Joint Library Facility
|d Remote Storage
|e T57.6 .R46
|h Library of Congress classification
|i unmediated -- volume
|k annee 7
|l 1973
|m A14851327651
|p ric
|s JLF
|t 0
|
| 952 |
f |
f |
|a Texas A&M University
|b Rellis Campus
|c Joint Library Facility
|d Remote Storage
|e T57.6 .R46
|h Library of Congress classification
|i unmediated -- volume
|k annee 8
|l 1974
|m A14851327537
|p ric
|s JLF
|t 0
|
| 952 |
f |
f |
|a Texas A&M University
|b Rellis Campus
|c Joint Library Facility
|d Remote Storage
|e T57.6 .R46
|h Library of Congress classification
|i unmediated -- volume
|k annee 6
|l 1972
|m A14809697704
|p ric
|s JLF
|t 0
|
| 952 |
f |
f |
|a Texas A&M University
|b Rellis Campus
|c Joint Library Facility
|d Remote Storage
|e T57.6 .R46
|h Library of Congress classification
|i unmediated -- volume
|k annee 10
|l 1976
|m A14851328022
|p ric
|s JLF
|t 0
|
| 998 |
f |
f |
|a T57.6 .R46
|s v.6-10 (1972-1976)
|t 0
|l Remote Storage
|